| 000 | 00685nam a22002417a 4500 | ||
|---|---|---|---|
| 001 | 00028705 | ||
| 005 | 20260406093747.0 | ||
| 008 | 260406b ag ||||| |||| 00| 0 spa d | ||
| 020 | _a8476400764 | ||
| 040 |
_aAR-CcCEOS _bspa _cAR-CcCEOS |
||
| 041 | _aspa | ||
| 080 | _a82(100)-09 | ||
| 090 | _bALO t.4 | ||
| 100 | 1 |
_aAlonso, Martín _91016 |
|
| 245 | 1 | 5 |
_aHistoria de la Literatura Mundial : _bTomo IV / _cMartin Alonso |
| 250 | _a3ª ed. corr. y aum. | ||
| 264 |
_aMadrid : _bAlonso, _cc1966. |
||
| 300 |
_a2605 p. ; _c24x15 cm. |
||
| 490 | _vTomo IV | ||
| 650 | 0 |
_ahistoria _990 _vliteratura |
|
| 942 |
_2udc _cBK _n0 |
||
| 999 |
_c28738 _d28738 |
||